000 00651nam a2200217 a 4500
001 22359
003 CO-ViMGA
008 141112s2004 ck r 000 u spa d
020 _a9789583019609
040 _aCO-ViMGA
_bspa
_cCO-ViMGA
082 0 4 _aVASav
100 1 _aVasco, Irene
245 1 0 _aA Veces
260 _aSantafé de Bogotá :
_bPanAmérica,
_c1998
300 _a44
490 _aQue pase el tren
590 _aForma de adquisición : Donacion - - Precio : 15.000 - - Fecha de adquisición : Febrero 2008
650 1 4 _aCUENTOS JUVENILES COLOMBIANOS
_99
650 1 4 _aRELACIONES FAMILIARES - CUENTOS INFANTILES
_931720
942 _2ddc
_cBK
999 _c3024
_d3024